Essentials of accounting for governmental and not-for-profit organizations / (Record no. 17406)
[ view plain ]
| 000 -LEADER | |
|---|---|
| fixed length control field | 00451cam a2200157 i 4500 |
| 020 ## - INTERNATIONAL STANDARD BOOK NUMBER | |
| ISBN | 9780078025815 (alk. paper) |
| 040 ## - CATALOGING SOURCE | |
| Transcribing agency | DLC |
| 082 00 - DEWEY DECIMAL CLASSIFICATION NUMBER | |
| Classification number | 657 MCG 2015 A113 Or. |
| 100 1# - MAIN ENTRY--AUTHOR NAME | |
| Personal name | Copley, Paul A. |
| 245 10 - TITLE STATEMENT | |
| Title | Essentials of accounting for governmental and not-for-profit organizations / |
| 250 ## - EDITION STATEMENT | |
| Edition statement | Twelfth edition. |
| 300 ## - PHYSICAL DESCRIPTION | |
| Number of Pages | x, 470 pages ; |
| Dimensions | 24 cm |
| 650 #0 - SUBJECT ADDED ENTRY--TOPICAL TERM | |
| Topical Term | Administrative agencies |
| 650 #0 - SUBJECT ADDED ENTRY--TOPICAL TERM | |
| Topical Term | Nonprofit organizations |
| 942 ## - ADDED ENTRY ELEMENTS (KOHA) | |
| Koha item type | សៀវភៅភាសាអង់គ្លេស |
| 952 ## - LOCATION AND ITEM INFORMATION (KOHA) | |
| Withdrawn status [LOCAL, KOHA] | 0 |
| 952 ## - LOCATION AND ITEM INFORMATION (KOHA) | |
| Withdrawn status [LOCAL, KOHA] | 0 |
| Permanent Location | Date acquired | Koha item type | Lost status | Shelving location | Barcode | Current Location | Full call number |
|---|---|---|---|---|---|---|---|
| Library Block A | 2018-11-20 | សៀវភៅភាសាអង់គ្លេស | A113 | A37389 | Library Block A | 657 MCG 2015 A113 Or. | |
| Library Block A | 2018-11-20 | សៀវភៅភាសាអង់គ្លេស | A113 | A37315 | Library Block A | 657 MCG 2015 A113 Or. |